00165nam a2200061Ia 4500008004100000100002000041245004200061120527s9999 xx 000 0 und d aOsman, B. Betty aLearning disabilities: afamily affair